| 000 | 02003nas a2200337 a 4500 | ||
|---|---|---|---|
| 001 | 000587523 | ||
| 003 | AM-YeHGA | ||
| 005 | 20250617141432.0 | ||
| 008 | 080624c20079999bu arzp 0 0bul d | ||
| 022 | _a1312-9406 | ||
| 040 | _aAM-YeHGA | ||
| 041 | 0 |
_bbul _beng _ffre |
|
| 210 | 0 | _aГодишник на Софийския ун-т "Св. Климент Охридски".Исторически факултет. Специалност етнология | |
| 222 | 0 | _aГодишник на Софийския ун-т "Св. Климент Охридски".Исторически факултет. Специалност етнология | |
| 245 | 0 | 0 | _aГодишник на Софийския ун-т "Св. Климент Охридски".Исторически факултет. Специалност етнология =Annuaire de l'Universite de Sofia "St. Kliment Ohridski."Faculte d histoire. Studia ethnologica. |
| 246 | 3 | 0 | _aИсторически факултет. Специалност етнология |
| 246 | 3 | 0 | _aFaculte d histoire. Studia ethnologica |
| 246 | 3 | 1 |
_aAnnuaire de l'Universite de Sofia "St. Kliment Ohridski." _pFaculte d histoire. Studia ethnologica |
| 260 |
_aСофия = _aSofiia : _bУниверситетско из-во "Св. Климент Охридски" = _bPresses Universitaires "St. Kliment Ohridski", _c2007. |
||
| 300 |
_av. : _bill. |
||
| 310 | _aAnnual | ||
| 362 | 0 | _aT. 1(2007) | |
| 500 | _aDescription based on: T. 1 (2007) | ||
| 650 | 0 | 4 | _aԱմսագիր |
| 650 | 1 | 4 |
_aHistory _zBulgaria _vPeriodicals |
| 650 | 1 | 4 |
_aEthnology _zBulgaria _vPeriodicals |
| 710 | 2 |
_aСофийский университет "Св. Климент Охридски" = _aUniversite de Sofia "St. Kliment Ohridski." |
|
| 780 | 0 | 1 | _tГодишник на Софийския ун-т "Св. Климент Охридски".Исторически факултет. Специалност етнология |
| 942 |
_2udc _cCR |
||
| 090 | _c240255 | ||
| 999 |
_c238683 _d238683 |
||